00384 2200145 4500245005600000020001800056250002900074100001800103650002700121005001900148260003900167041001400206084000900220336000900229 aAl Quran dan tafsirnya jilid 8cLentera AbadihText a9789797971939 aEdisi yang disempurnakan aLentera Abadi aAl Quran dan tafsirnya a20240820090706 aJakartabKementrian Agama RIc2010 aIndonesia aNONE atext